00494nam a2200145 a 450000100100000000500170001000800410002704000250006808200150009310000220010824500870013026000380021730000210025550400720027600002599520200930024220.0110225s1974 dr 000 0 spa d aDO-SdBNPbspacBNPHU axxxxbA7951 aArvelo, Alejandro13aEl pensamiento filosófico de Juan Isidro Jimenez Grullón. /cAlejandro Arvelo. a[Santo Domingo :bs. n.,c19--.]. a443 p. ;c29 cm. aIncluye referencias bibliográficas y notas al pie de la páginas